[Event "Ratten op 18th"]
[Site "Ratten"]
[Date "2011.06.02"]
[Round "1"]
[White "Reubel, Max"]
[Black "Schein, Karl Heinz"]
[Result "1/2-1/2"]
[WhiteElo "2068"]
[BlackElo "2208"]
[PlyCount "90"]
[EventDate "2011.06.02"]
[EventType "swiss"]
[EventRounds "5"]
[EventCountry "AUT"]
[SourceTitle "CBM 143 Extra"]
[Source "ChessBase"]
[SourceDate "2011.08.29"]
[SourceVersion "1"]
[SourceVersionDate "2011.08.29"]
[SourceQuality "1"]

1. e4 c5 2. Nf3 d6 3. Bb5+ Nc6 4. Bxc6+ bxc6 5. 0-0 e5 6. d3 Nf6 7. Nbd2 Be7 8. b3 0-0 9. Bb2 Ne8 10. Ne1 f5 11. exf5 Bxf5 12. f4 exf4 13. Rxf4 Bg5 14. Rf1 d5 15. Kh1 Nd6 16. Nef3 Be3 17. Qe1 d4 18. Ne5 Qc7 19. Ndc4 Nxc4 20. Nxc4 Bf4 21. Qh4 Be6 22. Rae1 Bd5 23. Bc1 Bxc1 24. Rxc1 Rae8 25. Rxf8+ Rxf8 26. Re1 Qf7 27. Kg1 h6 28. Nd2 Qg6 29. Re2 Kh7 30. Qe7 Qf5 31. Ne4 Qg4 32. h3 Qf4 33. a4 Rf7 34. Qe8 Qc1+ 35. Kh2 Rf1 36. Ng3 Qf4 37. Qe5 Qxe5 38. Rxe5 Rf2 39. Re2 Rxe2 40. Nxe2 Kg6 41. Kg3 Kf5 42. Kf2 Ke5 43. g3 g5 44. Ng1 Kf5 45. Ne2 Ke5 1/2-1/2

[Event "Regionalliga SO 0304"]
[Site "Bayern"]
[Date "2004.04.25"]
[Round "9.7"]
[White "Wilhelm, Michael"]
[Black "Reubel, Max"]
[Result "0-1"]
[WhiteElo "1815"]
[BlackElo "1928"]
[PlyCount "130"]
[EventDate "2003.10.??"]
[EventType "team"]
[EventRounds "9"]
[EventCountry "GER"]
[SourceTitle "EXT 2006"]
[Source "ChessBase"]
[SourceDate "2005.11.24"]
[SourceVersion "1"]
[SourceVersionDate "2005.11.24"]
[SourceQuality "1"]
[WhiteTeam "Fuerstenfeldbruck"]
[BlackTeam "Freilassing"]
[WhiteTeamCountry "GER"]
[BlackTeamCountry "GER"]

1. e4 c5 2. d4 cxd4 3. c3 dxc3 4. Nxc3 d6 5. Bc4 Nc6 6. Nf3 a6 7. 0-0 e6 8. Qe2 b5 9. Bb3 Ra7 10. Be3 Rd7 11. Rac1 Na5 12. Bd1 Bb7 13. b4 Nc6 14. a3 Be7 15. Nd4 Nxd4 16. Bxd4 Nf6 17. Qe3 0-0 18. Be2 Qa8 19. f3 Rc8 20. Bb6 Bd8 21. Bxd8 Rdxd8 22. Bd3 Bc6 23. Na2 Be8 24. Bb1 Rxc1 25. Rxc1 Rc8 26. Rxc8 Qxc8 27. Bd3 Qc7 28. h3 Nd7 29. f4 Qb6 30. Kf2 Qxe3+ 31. Kxe3 Nb6 32. Kd4 Kf8 33. e5 Ke7 34. Nc3 Bc6 35. exd6+ Kxd6 36. Ne4+ Bxe4 37. Bxe4 Nd5 38. g3 h6 39. h4 Nc7 40. g4 f6 41. Bb7 g5 42. hxg5 hxg5 43. fxg5 fxg5 44. Ke4 Nd5 45. Bxa6 Nf6+ 46. Kf3 Kc6 47. Bc8 Kd5 48. Bb7+ Kc4 49. Bc6 e5 50. Ke3 Kb3 51. Bxb5 Kxa3 52. Bc6 Kxb4 53. Kf3 Kc5 54. Bb7 Kd4 55. Bc8 e4+ 56. Ke2 Nd5 57. Ba6 Ke5 58. Bb7 Nf6 59. Bc8 Kf4 60. Kf2 Nxg4+ 61. Kg2 Ne3+ 62. Kf2 g4 63. Kg1 Kf3 64. Kh2 Kf2 65. Bb7 g3+ 0-1

[Event "Regionalliga SO 0203"]
[Site "Bayern"]
[Date "2003.03.09"]
[Round "8.7"]
[White "Schmid, Dominik"]
[Black "Reubel, Max"]
[Result "0-1"]
[WhiteElo "1501"]
[BlackElo "1939"]
[PlyCount "56"]
[EventDate "2002.10.20"]
[EventType "team"]
[EventRounds "9"]
[EventCountry "GER"]
[SourceTitle "EXT 2004"]
[Source "ChessBase"]
[SourceDate "2003.11.25"]
[SourceVersion "1"]
[SourceVersionDate "2003.11.25"]
[SourceQuality "1"]
[WhiteTeam "Fuerstenfeldbruck"]
[BlackTeam "Freilassing"]
[WhiteTeamCountry "GER"]
[BlackTeamCountry "GER"]

1. e4 c5 2. f4 Nc6 3. Nf3 g6 4. d3 Bg7 5. Be2 d6 6. h3 Nf6 7. c3 c4 8. Be3 cxd3 9. Bxd3 0-0 10. Qc2 b6 11. 0-0 Bb7 12. Nbd2 Rc8 13. a3 Qc7 14. Rab1 Nd7 15. Ng5 Nc5 16. Bc4 Nd8 17. Ba2 Ba6 18. c4 Bb7 19. f5 Nc6 20. fxg6 hxg6 21. Rf2 Ne5 22. Rbf1 Ncd3 23. Re2 b5 24. c5 Nxc5 25. Ref2 Bf6 26. Qd1 Ncd3 27. Re2 Qc2 28. Nc4 Qxd1 0-1

[Event "Regionalliga SO 0203"]
[Site "Bayern"]
[Date "2002.10.20"]
[Round "1.8"]
[White "Reubel, Max"]
[Black "Fischer, Oliver1111"]
[Result "0-1"]
[WhiteElo "1939"]
[BlackElo "2073"]
[PlyCount "84"]
[EventDate "2002.10.20"]
[EventType "team"]
[EventRounds "9"]
[EventCountry "GER"]
[SourceTitle "EXT 2004"]
[Source "ChessBase"]
[SourceDate "2003.11.25"]
[SourceVersion "1"]
[SourceVersionDate "2003.11.25"]
[SourceQuality "1"]
[WhiteTeam "Freilassing"]
[BlackTeam "Freising"]
[WhiteTeamCountry "GER"]
[BlackTeamCountry "GER"]

1. e4 d5 2. exd5 Qxd5 3. Nc3 Qa5 4. d4 c6 5. Bc4 Bf5 6. Nf3 Nf6 7. 0-0 e6 8. Ne2 Nbd7 9. Ng3 Bg6 10. Nh4 Be7 11. c3 Nd5 12. Nxg6 hxg6 13. b4 Qc7 14. Qf3 N7f6 15. b5 Kf8 16. Bd2 Rd8 17. Rfe1 Nb6 18. Bf1 cxb5 19. Bxb5 Rd5 20. Bd3 Rh4 21. Rad1 Nc4 22. Bc1 b5 23. Re2 Bd6 24. h3 Bf4 25. Rc2 Bxc1 26. Rcxc1 Nb2 27. Rd2 Nxd3 28. Rxd3 Rhxd4 29. Rxd4 Rxd4 30. Rd1 Rc4 31. Qa8+ Ke7 32. Rb1 Qd7 33. Qb8 a6 34. a4 Rxa4 35. Qb6 Nd5 36. Qc5+ Qd6 37. Qc8 Rc4 38. Qh8 Nxc3 39. Re1 b4 40. Qxg7 b3 41. Qh6 b2 42. Qg5+ Ke8 0-1